Statistics for Official Country Names by First Two Letters

Click here to take the quiz!

General Stats

  • This quiz has been taken 856 times
    (773 since last reset)
  • The average score is 141 of 196

Answers on the Map

Answers color-coded by a green-red scale on the quiz's map according to % correct below.
Loading ...
 

Answer Stats

Country% Correct
Comoros
98%
Mexico
98%
Tanzania
98%
United Arab Emirates
98%
United Kingdom
98%
United States
98%
Canada
95%
Russia
91%
Democratic Republic of the Congo
89%
East Timor
89%
North Korea
89%
São Tomé and Principe
89%
Sri Lanka
89%
Ireland
85%
France
84%
Albania
83%
Angola
83%
Armenia
83%
Austria
83%
Azerbaijan
83%
Belarus
83%
Benin
83%
Botswana
83%
Bulgaria
83%
Burundi
83%
Cameroon
83%
Cape Verde
83%
Chad
83%
Chile
83%
Colombia
83%
Costa Rica
83%
Croatia
83%
Cuba
83%
Cyprus
83%
Djibouti
83%
Ecuador
83%
El Salvador
83%
Equatorial Guinea
83%
Estonia
83%
Fiji
83%
Finland
83%
Gambia
83%
Ghana
83%
Guatemala
83%
Guinea
83%
Guinea-Bissau
83%
Haiti
83%
Honduras
83%
India
83%
Indonesia
83%
Iraq
83%
Ivory Coast
83%
Kazakhstan
83%
Kenya
83%
Kiribati
83%
Kosovo
83%
Latvia
83%
Liberia
83%
Lithuania
83%
Madagascar
83%
Malawi
83%
Maldives
83%
Mali
83%
Malta
83%
Marshall Islands
83%
Mauritius
83%
Moldova
83%
Mongolia
83%
Montenegro
83%
Mozambique
83%
Myanmar
83%
Namibia
83%
Nauru
83%
Nicaragua
83%
Niger
83%
Nigeria
83%
North Macedonia
83%
Palau
83%
Panama
83%
Paraguay
83%
Peru
83%
Philippines
83%
Poland
83%
Republic of the Congo
83%
Rwanda
83%
San Marino
83%
Senegal
83%
Serbia
83%
Seychelles
83%
Sierra Leone
83%
Singapore
83%
Slovenia
83%
South Africa
83%
South Korea
83%
South Sudan
83%
Sudan
83%
Suriname
83%
Taiwan
83%
Tajikistan
83%
Trinidad and Tobago
83%
Tunisia
83%
Turkey
83%
Uganda
83%
Uzbekistan
83%
Vanuatu
83%
Yemen
83%
Zambia
83%
Zimbabwe
83%
Argentina
82%
Egypt
82%
Algeria
80%
Bangladesh
80%
China
80%
Portugal
80%
Jamaica
79%
Japan
79%
New Zealand
76%
Iceland
74%
Italy
74%
Switzerland
74%
Ukraine
74%
Bahrain
73%
Belgium
73%
Bhutan
73%
Cambodia
73%
Denmark
73%
Eswatini
73%
Lesotho
73%
Morocco
73%
Netherlands
73%
Norway
73%
Saudi Arabia
73%
Spain
73%
Sweden
73%
Thailand
73%
Tonga
73%
Bosnia and Herzegovina
72%
Venezuela
72%
Malaysia
71%
Georgia
69%
Solomon Islands
65%
Vietnam
65%
Romania
64%
Australia
63%
Bahamas
63%
Brazil
63%
Dominica
63%
Ethiopia
63%
Federated States of Micronesia
63%
Germany
63%
Guyana
63%
Nepal
63%
Saint Kitts and Nevis
63%
Somalia
63%
Afghanistan
61%
Iran
61%
Mauritania
61%
Pakistan
61%
Laos
58%
Czech Republic
56%
Turkmenistan
56%
Tuvalu
56%
Hungary
55%
Grenada
54%
Luxembourg
54%
Slovakia
53%
Burkina Faso
52%
Central African Republic
51%
Saint Lucia
50%
Saint Vincent and the Grenadines
50%
Belize
49%
Dominican Republic
49%
Syria
49%
Gabon
46%
Oman
44%
Togo
44%
Kyrgyzstan
43%
Barbados
39%
Papua New Guinea
36%
Samoa
36%
Greece
35%
Lebanon
31%
Jordan
29%
Antigua and Barbuda
28%
Vatican City
27%
Eritrea
26%
Israel
26%
Kuwait
26%
Libya
26%
Qatar
26%
Brunei
22%
Andorra
20%
Liechtenstein
20%
Monaco
20%
Bolivia
16%
Uruguay
15%

Score Distribution

Percentile by Number Answered

Percent of People with Each Score

Your Score History

You have not taken this quiz since the last reset